長安十二時辰
| 資料類型: | 圖書 | 書目號: | 53532 |
Leader xxxxxxxxxx 001 __ 102618/8/02 005 __ 20191030163632.831 010 0_ |a9789863614760|b上冊 : 平裝|d新臺幣360元 010 0_ |a9789863614777|b下冊 : 平裝|d新臺幣360元 042 __ |anbic 100 __ |a20191030d2018 km y0chiy50 b 101 0_ |achi 102 __ |atw 105 __ |aa z 000ay 200 1_ |a長安十二時辰|f馬伯庸作 205 __ |a初版 210 __ |a臺北市|c高寶國際|d2018[民107] 215 0_ |a2冊|c圖|d21公分 225 12 |a戲非戲|vDN218-DN219 700 _1 |a馬|b伯庸|4作 681 __ |a857.7|b8364 v.1 801 _0 |atw|bLibDipper|c20191030|gCCR |